| 000 | 01791nam a2200397 i 4500 | ||
|---|---|---|---|
| 003 | DO-SdBNP | ||
| 005 | 20240417150057.0 | ||
| 007 | ta | ||
| 008 | 240417b2001 dr ac 001 0 spa d | ||
| 040 |
_aDO-SdBNP _bspa _cBNPHU _erda |
||
| 082 | 4 | _222 | |
| 111 | 1 | 0 |
_aFeria de Galerías de Arte _c(Santo Domingo, Rep. Dom. _d2001 : 20 al 25 de noviembre _n1ª :) _980993 |
| 245 | 1 | 0 |
_aSanto Domingo 2001 : _bprimera Feria de Galerías de Arte / _cproducción Mildred Canahuate : textos Abelardo Jiménez Lambertus, Mary Loly de Severino, Juan José Mesa, Odalis Pérez, Juan José Bellapart y otros |
| 264 |
_aSanto Domingo : _bAsociación de Galerías de Arte de la Rep. Dom., _c2001. |
||
| 300 |
_a72 páginas _bilustraciones, retratos _c22 cm |
||
| 336 |
_2rdacontent _atexto _btxt |
||
| 337 |
_2rdamedia _asin mediación _bn |
||
| 338 |
_2rdacarrier _avolumen _bnc |
||
| 590 | _aInventariado, 2024/ YL | ||
| 611 |
_aFeria de Galerías de Arte _c(20 al 25 de noviembre : _d2001 _zSanto Domingo, República Dominicana _980994 |
||
| 650 | 4 |
_aFeria Galerías de Arte _y2001 _zRepública Dominicana _980995 |
|
| 650 | 4 |
_aFeria Galerías de Arte _y2001 _zRepública Dominicana _980996 |
|
| 700 | 1 |
_aCanahuate, Mildred _eproducción _955020 |
|
| 700 | 1 |
_aJiménez Lambertus, Abelardo _etextos _921571 |
|
| 700 | 1 |
_aSeverino, Mary Loly de _etextos _976039 |
|
| 700 | 1 |
_aMesa, Juan José _etextos _985269 |
|
| 700 | 1 |
_aPérez, Odalis _etextos _985270 |
|
| 700 | 1 |
_aBellapart, Juan José _etextos _982782 |
|
| 700 | 1 |
_aRamos, Román _etextos _982739 |
|
| 700 | 1 |
_aRudman, Isaac _etextos _955839 |
|
| 700 | 1 |
_aAbreu de Utermöhlen, Hilda _etextos _985271 |
|
| 700 | 1 |
_aEscoto, Francisco Enrique _etextos _985272 |
|
| 700 | 1 |
_aPeralta Agüero, Abil _etextos _926618 |
|
| 910 | _aYLockward | ||
| 942 |
_2ddc _cLF2 |
||
| 999 |
_c56437 _d56437 |
||